000 00560nam a22001817a 4500
005 20251108173316.0
008 250721s2009 xx 000 0 ara d
082 1 4 _a/791.4عبد
100 1 _aعبد ربه، رائد محمد
245 1 0 _aالمدخل إلى السينما و التلفزيون /
264 1 _aعمان :
_bدار الجنادرية للنشر و التوزيع،
_c2009.
300 _a156ص.
650 1 7 _aالسينما
650 1 7 _aالتلفزيون
700 1 _aصالح، عكاشة
942 _2ddc
_cBK
999 _c100911
_d100911